000 00539nam a22002057a 4500
003 NUST - PNEC
005 20170116180853.0
008 150827b xxu||||| |||| 00| 0 eng d
020 _a8120311272
020 _a0133569241
020 _a8177581236
040 _cLIBRARY
082 _a620.1 SHA
100 _95862
_aShames Irving Herman
245 _aEngineering mechanics. Statics and dynamics
_cIrving Herman Shames
250 _a4th ed.
260 _cc.1996
650 _95861
_aEngineering Mechanics
_xME, IME
942 _2ddc
_cBK
999 _c64724
_d64724